Ancient Europe Quiz - Statistics

General Stats
  • This quiz has been taken 33 times
  • The average score is 21 of 63
Answer Stats
Hint Answer % Correct
What is a system for structuring society around relationships derived from the holding of land owned by nobles? Feudalism
90%
What is the feudal system pyramid ladder thingy? (From top to bottom) King
85%
Were the dark ages really dark? no
75%
And who was their king? Charlemagne
65%
At the beginning, they were all pagans. But eventually they converted to _______. Christianity
65%
What was the text that inspired our modern-day Constitution, etc. Magna Carta
65%
Scandinavians began leaving their homeland and looking for a new place to settle. What were they known as? Vikings
65%
Peasants/Serfs
60%
What did it try to do the power of the monarchy? Reduce it
60%
What percentage of people who caught the plague died? 80
55%
What was the first major power in 768? France
55%
The authority of the _____ expanded throughout this period. Pope
50%
Between what two countries? (in alphabetical order) Portugal
50%
What invention aided the spreading of Martin Luther’s ideas? Printing Press
50%
Spain
50%
The sacking of rome ends what period in europe? Classical
40%
Charlemagne dies in 814CE. What happens to his empire? It gets divided
40%
Western Europe falls into a disconnected grouping of smaller ______s. Kingdom
40%
What was Venice's system of government? Republic
40%
Santa Maria
40%
What peoples began migrating to England? Saxons
40%
What was Price Henry's main goal? Spread {Christianity}
40%
Portugal's Pacific empire was mostly made up of what? {Trading} Posts
40%
Who was the first to make it all the way to India? Vasco De Gama
40%
They even went as far as North America and Byzantium.They served as the Byzantine empire's personal _________. Bodyguards
35%
Lords/Vassals
35%
And it begins what period? Medieval
35%
During the Renaissance the ________class grew. Middle
35%
Name his ships (in alphabetical order) Nina
35%
Pinta
35%
What dynasty did they establish? Qing
35%
The Chinese refused to barter with the Portuguese. Instead they required payment in what? Silver & Gold
35%
What empire did he found? Carolingian
30%
Fill in the blank. Dutch {East India} Company
30%
Who set out to reach the Pacific? Ferdinand Magellan
30%
Name a major city founded by the Norse Kiev | Dublin
30%
Knights/Vassals
30%
The Portuguese introduced what to Japan. Matchlock {guns}
30%
What people invaded the Ming dynasty from the north? Manchu
25%
What did humanists want from the Church? Reform
25%
Who wrote and negotiated the treaty? The Pope
25%
Direct access with {Asia}
20%
What was the church selling that angerered a lot of people? Indulgences
20%
What is the name of the family that will rule for the next 330 years? Plantagenet
20%
So many died that all believed it was _________. The end of the world
20%
Name the main reasons for why monarchs funded such expensive voyages. The {Spice} Trade
20%
Portugal begins expanding in the early 1400’s. By 1415 they capture what port in North Africa? Ceuta
15%
Doctors would attach a ______ to people who had caught the plague to try and "suck the sickness from them" Chicken
15%
Columbus sailed west to try to find a faster route to where? East Indies
15%
Leftover curiousity from the {Renaissance}
15%
The Portuguese were relegated to where? Macao
15%
The church dominated most of Europe after this. What is the term for the mixing of beliefs? Religious Syncretism
15%
They maintian close ties with what? The Church
15%
The Treaty of _____ divided the world. Tordesillas
15%
What was their abbreviation? VOC
15%
The Portuguese claimed to have total control over the Spice Trade, but this was not true. Many other groups like _____ had a decent market share. Arabs
10%
Who was the first to make it around the Cape of Good Hope? Bartholomeu Dias
10%
It contained artisans and guild masters. This greatly increased the degree of _______ specialization in Europe. Economic
10%
He also hoped to find the source of {Muslim} riches
10%
Who invaded England and brought it back under Norman control? {Norman} the conquerer
10%
They are in direct conflict with what? The Church
10%
What dynasty is established next? Capetian
5%
What islands were well known for their spice production? {Moluccas} Islands
5%
No matching quizzes found
Score Distribution
Percent of People with Each Score
Percentile by Number Answered
Your Score History
You have not taken this quiz